000 00481cam a2200193ua 4500
001 12054
008 200212n ii |||gr||||Z||||||asm
020 _a9789382976479
040 _cMAIN
041 _aasm
082 _a891.4514
100 _aHemanta Sharma,
_eEditor.
245 _aSahityatattwa
_cEd. by Hemanta Sharma
250 _a1st ed.
260 _aGolaghat:
_bSaraswati prakashan,
_c2020.
300 _a252p.
653 _aLiterary criticism in Assamese
942 _cBK
999 _c10837
_d10837